Single-Gender Pokémon - Statistics

General Stats
  • This quiz has been taken 38 times
  • The average score is 33 of 62
Answer Stats
Gender Region Number Answer % Correct
Male Kanto 0034 Nidoking
94%
Female Kanto 0031 Nidoqueen
94%
Female Kanto 0029 Nidoran♀
94%
Male Kanto 0032 Nidoran♂
94%
Female Kanto 0030 Nidorina
94%
Male Kanto 0033 Nidorino
94%
Male Sinnoh 0475 Gallade
81%
Female Johto 0242 Blissey
75%
Female Kanto 0113 Chansey
75%
Female Sinnoh 0440 Happiny
69%
Male Kanto 0107 Hitmonchan
69%
Male Kanto 0106 Hitmonlee
69%
Male Johto 0237 Hitmontop
69%
Female Kanto 0124 Jynx
69%
Female Kanto 0115 Kangaskhan
69%
Male Johto 0236 Tyrogue
69%
Female Johto 0241 Miltank
63%
Male Sinnoh 0414 Mothim
63%
Female Sinnoh 0416 Vespiquen
63%
Male Kitakami 1016 Fezandipiti
56%
Male Unova 0645 Landorus
56%
Male Kitakami 1015 Munkidori
56%
Male Kitakami 1014 Okidogi
56%
Female Alola 0758 Salazzle
56%
Male Unova 0539 Sawk
56%
Male Kanto 0128 Tauros
56%
Male Unova 0538 Throh
56%
Male Unova 0642 Thundurus
56%
Male Unova 0641 Tornadus
56%
Female Sinnoh 0413 Wormadam
56%
Male Galar 0861 Grimmsnarl
50%
Female Galar 0856 Hatenna
50%
Female Galar 0858 Hatterene
50%
Female Galar 0857 Hattrem
50%
Male Galar 0859 Impidimp
50%
Female Hoenn 0380 Latias
50%
Male Hoenn 0381 Latios
50%
Male Galar 0860 Morgrem
50%
Female Kitakami 1017 Ogerpon
50%
Female Sinnoh 0488 Cresselia
44%
Female Hisui 0905 Enamorus
44%
Female Sinnoh 0478 Froslass
44%
Female Unova 0549 Lilligant
44%
Female Unova 0548 Petilil
44%
Female Johto 0238 Smoochum
44%
Male Unova 0628 Braviary
38%
Female Kalos 0669 Flabébé
38%
Female Kalos 0670 Floette
38%
Female Kalos 0671 Florges
38%
Female Unova 0630 Mandibuzz
38%
Male Unova 0627 Rufflet
38%
Female Unova 0629 Vullaby
38%
Female Alola 0761 Bounsweet
31%
Female Hoenn 0314 Illumise
31%
Female Alola 0762 Steenee
31%
Female Paldea 0957 Tinkatink
31%
Female Paldea 0959 Tinkaton
31%
Female Paldea 0958 Tinkatuff
31%
Female Alola 0763 Tsareena
31%
Male Hoenn 0313 Volbeat
31%
Female Galar 0869 Alcremie
19%
Female Galar 0868 Milcery
19%
No matching quizzes found
Score Distribution
Percent of People with Each Score
Percentile by Number Answered
Your Score History
You have not taken this quiz